000 00871nam a2200265Ia 4500
003 OSt
005 20220930091228.0
006 a|||||r|||| 00| 0
007 ta
008 220926b |||||||| |||| 00| 0 eng d
024 _a4882
037 _cTheses
040 _aCRL
_cCRL
_beng
041 _2eng
_aeng
100 _aAbhishek
_9536958
110 _aUniversity of Delhi. Faculty of Medical Sciences. Department of Medicine
245 0 _aTo evaluate the significance of HbA1c level in undiagnosed high risk prediabetic individuals
260 _c2012
650 _aMEDICINE
700 _a Dr. M. K. Bhatnagar Gu.
_9536072
700 _a Dr. S. K. Jain Gu.
_9519321
700 _aUniversity of Delhi. Faculty of Medical Sciences. Department of Medicine
942 _cDIS
_2CC
999 _c881822
_d881822